| 000 | 00490nam a2200193Ia 4500 | ||
|---|---|---|---|
| 003 | GCL | ||
| 008 | 140319s9999 xx 000 0 eng d | ||
| 040 |
_aGCL / _cGCL |
||
| 082 | 0 | 4 |
_aCH _b843 _bO P |
| 100 | 1 | _aOBERLANDER, JULIETTE | |
| 245 | 1 | 0 |
_aPICOLINETTE OU LA POUPEE MEGIQUE / _cOBERLANDER, JULIETTE |
| 700 | 1 | _aGERON, JACQUES | |
| 260 |
_a[S.N] : _bHEMMA |
||
| 300 | _a122 P | ||
| 650 | 0 | 4 | _aFICTION |
| 650 | 0 | 4 | _aFRENCH FICTION |
| 650 | 0 | 4 | _aFRENCH LITERATURE |
| 942 |
_2ddc _cBK |
||
| 999 |
_c14488 _d14488 |
||